Logistika ako pridaná hodnota pre zákazníka v globálnej ekonomike
Salvato in:
| Autore principale: | |
|---|---|
| Ente Autore: | |
| Altri autori: | , , |
| Natura: | Libro |
| Lingua: | slovacco |
| Pubblicazione: |
Bratislava
Vydavateľstvo EKONÓM
2013
|
| Edizione: | 1. vyd. |
| Soggetti: | |
| Tags: |
Nessun Tag, puoi essere il primo ad aggiungerne!!
|
MARC
| LEADER | 00000nam a2200000 4500 | ||
|---|---|---|---|
| 001 | 0176509 | ||
| 005 | 20240502073017.4 | ||
| 020 | |a 978-80-225-3683-7 | ||
| 041 | 0 | |a slo | |
| 044 | |a SK | ||
| 245 | 1 | 0 | |a Logistika ako pridaná hodnota pre zákazníka v globálnej ekonomike |c Lucia Furdová, Heda Hansenová ; recenzentky Elena Kašťáková, Alexandra Pappová |
| 250 | |a 1. vyd. | ||
| 264 | 1 | |a Bratislava |b Vydavateľstvo EKONÓM |c 2013 | |
| 300 | |a 121 s. [8,65 AH] | ||
| 610 | 2 | 0 | |a logistika obchodná |
| 610 | 2 | 0 | |a zákazníci |
| 610 | 2 | 0 | |a hospodárstvo svetové |
| 610 | 2 | 0 | |a doprava medzinárodná |
| 610 | 2 | 0 | |a reťazce logistické |
| 610 | 2 | 0 | |a reťazce dodávateľsko-odberateľské |
| 610 | 2 | 0 | |a reťazce distribučné |
| 610 | 2 | 0 | |a modely logistické |
| 610 | 2 | 0 | |a priemysel farmaceutický |
| 610 | 2 | 0 | |a marketing mix |
| 100 | 1 | |a Furdová, Lucia, 1984- | |
| 700 | 1 | |a Hansenová, Heda | |
| 700 | 1 | |a Kašťáková, Elena, 1974- | |
| 700 | 1 | |a Pappová, Alexandra | |
| 710 | 2 | |a Ekonomická univerzita v Bratislave. Obchodná fakulta | |